| 000 | 00836cam a22002771 4500 | ||
|---|---|---|---|
| 001 | 4542229 | ||
| 003 | OSt | ||
| 005 | 20240321083948.0 | ||
| 008 | 710421s1967 enkabf 000 0 eng | ||
| 010 | _a 68076542 | ||
| 015 | _aB67-26470 | ||
| 040 |
_aDLC _cDLC _dDLC _dWaU |
||
| 043 | _afe----- | ||
| 050 | 0 | 0 |
_aSB484 _b.E3W54 1967 |
| 082 | 0 | 0 | _a591.967 |
| 100 | 1 |
_aWilliams, John George, _d1913- |
|
| 245 | 1 | 2 |
_aA field guide to the national parks of East Africa / _cJohn G. Williams; |
| 260 |
_aLondon, _bCollins, _c1967. |
||
| 300 |
_a352 p.; _bill. _c20 cm. |
||
| 350 | _a45/- | ||
| 650 | 0 |
_aNational parks and reserves _zAfrica, East _vGuidebooks. |
|
| 650 | 0 |
_aWildlife watching _zAfrica, East _vGuidebooks. |
|
| 650 | 0 |
_aAnimals _zAfrica, East. |
|
| 906 |
_a7 _bcbc _corignew _du _eopcn _f19 _gy-gencatlg |
||
| 942 |
_2lcc _cBK _n0 |
||
| 999 |
_c15136 _d15136 |
||